Gaming Quiz

Random Gaming or Nintendo Quiz

Street Fighter 2 Characters by Taunt Quiz Stats

 Plays Quiz Updated Jun 28, 2012

Challenge
Share
Tweet
► Each character is used EXACTLY twice
Score 0/24 Timer 07:00
0 Plays Today
Quote Character % Correct
It's natural for a sumo wrestler to become the world's strongest!???
77.8%
I'm the strongest woman in the world!???
75.2%
Now you've realized the inner mysteries of yoga!???
69.4%
I will meditate and then destroy you!!???
64.8%
You must defeat my Dragon Punch to stand a chance!???
63%
Handsome fighters never lose a battle!???
60%
Anyone who opposes me will be destroyed!???
53.8%
Thank you for a gorgeous time!???
50.2%
You did quite well, but you need more training to defeat me!???
46%
Go home and be a family man!???
45.9%
Get lost, you can't compare with my powers!???
41.8%
I am not satisfied until I have the world's strongest title again!???
36.3%
Quote Character % Correct
Next time we meet, I'm gonna break your arms!???
35.1%
My strength is much greater than yours!???
34.1%
Get up you wimp!???
31.2%
Are you man enough to fight with me????
30.1%
Get up!! It's too early for you to be defeated!???
25.9%
Attack me if you dare, I will crush you!???
25.1%
You are not a warrior, you're a beginner!???
24.8%
Hey, What happened? I'm not through with you yet!???
21.1%
Seeing you in action is a joke!???
20.8%
Now you realize the powers I possess!???
16.6%
Can't you do better than that????
13.7%
There is no chance for you to beat me! Challenge someone else!???
13.3%

You're not logged in!

Compare scores with friends on all Sporcle quizzes.
Join for Free
OR
Log In

You Might Also Like...

Show Comments

Extras

Top Quizzes Today


Score Distribution

Your Account Isn't Verified!

In order to create a playlist on Sporcle, you need to verify the email address you used during registration. Go to your Sporcle Settings to finish the process.

Report this User

Report this user for behavior that violates our Community Guidelines.

Details: